000 00908cam a2200265 a 4500
001 564886
005 20250331184359.0
007 ta
008 010713s2000 sp r 001 0 spa d
020 _a843441211X
040 _aCO-CtgCURN
_bspa
_ccoctgcurn
041 0 _aspa
082 0 4 _a321.8
_bC85
_220 ed
245 0 3 _aLa cultura de la democracia :
_bel futuro /
_cSalvador Giner (coordinador) ; Xavier Arbós ... [et al.].
260 _aBarcelona :
_bAriel,
_c2000.
300 _a174 p. ;
_c21 cm.
504 _aIncluye bibliografía.
650 1 4 _aDemocracia
_vEnsayos, conferencias, etc.
650 1 4 _aCultura
_ySiglo XX
_vEnsayos, conferencias, etc.
650 1 4 _aValores sociales
_ySiglo XX
_vEnsayos, conferencias, etc.
700 1 _aGiner, Salvador,
_d1934-
700 1 _aArbós, Xavier.
942 _2ddc
_cBK
_h321.8
_iC85
999 _c17959
_d17959